| 000 | 01214nam a2200325 a 4500 | ||
|---|---|---|---|
| 001 | 000037076 | ||
| 005 | 20260421192941.0 | ||
| 008 | 120210s2010 dr r 000 0 spa d | ||
| 020 | _a9789945423174 | ||
| 040 |
_aDO-SdBNP _bspa _cBNPHU |
||
| 082 |
_a364.168 _bA912f |
||
| 245 | 0 | 0 |
_aAuditoría forense aplicada al lavado de dinero en las instituciones financieras / _cZoila Cáceres ...[et al.] ; presentación de Justo Pedro Castellanos Khouri. |
| 260 |
_aSanto Domingo, : _bUniversidad APEC, _c2010. |
||
| 300 |
_a105 p. ; _c21 cm. |
||
| 490 | 1 | _aUNAPEC por un mundo mejor | |
| 490 | 1 |
_aInvestigación _v4 |
|
| 590 | _aInventariado, 2018/BT | ||
| 650 | 0 |
_aAuditoria administrativa _921627 |
|
| 650 | 4 |
_aAuditoría financiera _933000 |
|
| 650 | 0 |
_aLavado de dinero _963491 |
|
| 650 | 4 |
_aCompañías _xPrácticas corruptas _934705 |
|
| 650 | 4 |
_aDelitos económicos _910373 |
|
| 700 | 1 |
_aCáceres, Zoila _956244 |
|
| 700 | 1 |
_aNovo, César _956245 |
|
| 700 | 1 |
_aMartínez, Rafael _956246 |
|
| 700 | 1 |
_aNova, Rafael _956247 |
|
| 700 | 1 |
_aCastellanos, Justo Pedro, _d1961- _epresent. _971189 |
|
| 830 | 0 |
_aUNAPEC por un mundo mejor ; _pInvestigación _v4 _956249 |
|
| 910 | _aValidado. Control de calidad. EMS | ||
| 999 |
_c36566 _d36566 |
||